[Event "DEN-ch sf4"]
[Site "Svendborg"]
[Date "2024.03.29"]
[Round "3"]
[White "Dithlevsen, Birgit"]
[Black "Larsen, Rune Damgaard"]
[Result "1/2-1/2"]
[WhiteElo "1668"]
[BlackElo "1733"]
[PlyCount "76"]
[EventDate "2024.03.29"]
[EventType "swiss"]
[EventRounds "7"]
[EventCountry "DEN"]
[SourceTitle "CB16_2024"]
[SourceDate "2024.04.17"]
[SourceVersion "1"]
[SourceVersionDate "2024.04.17"]
[SourceQuality "1"]

1. e4 e6 2. Nf3 d5 3. exd5 exd5 4. d4 Nf6 5. Bg5 h6 6. Bxf6 Qxf6 7. Be2 c5 8. Ne5 a6 9. 0-0 Nc6 10. Nxc6 bxc6 11. c3 cxd4 12. cxd4 Bd6 13. Nc3 0-0 14. g3 Bc7 15. Na4 Bh3 16. Re1 Ba5 17. Nc3 Bb6 18. Bf1 Bxf1 19. Rxf1 Bxd4 20. Rb1 Bxc3 21. bxc3 Rab8 22. Qc2 Rfe8 23. Rb3 Rxb3 24. axb3 Qf3 25. b4 Re2 26. Qa4 Qxc3 27. Qxa6 Rb2 28. Qc8+ Kh7 29. Qf5+ Kg8 30. Qc8+ Kh7 31. Qf5+ g6 32. Qxf7+ Qg7 33. Qe8 Qf6 34. Qd7+ Kg8 35. Qe8+ Kg7 36. Qd7+ Kf8 37. Qc8+ Kg7 38. Qd7+ Kf8 1/2-1/2

[Event "DEN-ch sf4"]
[Site "Svendborg"]
[Date "2024.03.29"]
[Round "2"]
[White "Larsen, Rune Damgaard"]
[Black "Damgaard Poulsen, Albert"]
[Result "1/2-1/2"]
[WhiteElo "1733"]
[BlackElo "1707"]
[PlyCount "78"]
[EventDate "2024.03.29"]
[EventType "swiss"]
[EventRounds "7"]
[EventCountry "DEN"]
[SourceTitle "CB16_2024"]
[SourceDate "2024.04.17"]
[SourceVersion "1"]
[SourceVersionDate "2024.04.17"]
[SourceQuality "1"]

1. Nf3 d5 2. g3 Nf6 3. Bg2 c5 4. 0-0 e6 5. d3 Be7 6. Nbd2 0-0 7. e4 Nc6 8. b3 a5 9. Bb2 a4 10. a3 Qc7 11. Re1 d4 12. Re2 e5 13. h3 b5 14. Kh2 Nd7 15. Ng1 Nb6 16. f3 Be6 17. Rf2 Bg5 18. h4 Be3 19. Re2 Bxd2 20. Rxd2 axb3 21. cxb3 c4 22. bxc4 bxc4 23. Bc1 c3 24. Rc2 Bb3 25. f4 f6 26. Nf3 Qd6 27. Bh3 Nb4 28. Ne1 Nxc2 29. Nxc2 Na4 30. Rb1 Rfb8 31. fxe5 fxe5 32. Rxb3 Rxb3 33. Nxd4 Rbb8 34. Ne6 Rb2+ 35. Bxb2 cxb2 36. Bf5 Rf8 37. Nxf8 Qxf8 38. Qb3+ Kh8 39. Kg2 Qd8 1/2-1/2

[Event "DEN-ch sf4"]
[Site "Svendborg"]
[Date "2024.03.29"]
[Round "4"]
[White "Reiths, Henning"]
[Black "Larsen, Rune Damgaard"]
[Result "1/2-1/2"]
[WhiteElo "1825"]
[BlackElo "1733"]
[PlyCount "72"]
[EventDate "2024.03.29"]
[EventType "swiss"]
[EventRounds "7"]
[EventCountry "DEN"]
[SourceTitle "CB16_2024"]
[SourceDate "2024.04.17"]
[SourceVersion "1"]
[SourceVersionDate "2024.04.17"]
[SourceQuality "1"]

1. d4 d5 2. Bg5 h6 3. Bh4 g5 4. Bg3 Bg7 5. e3 c5 6. c3 cxd4 7. exd4 Nf6 8. Bd3 Nc6 9. h4 Be6 10. hxg5 hxg5 11. Rxh8+ Bxh8 12. Nf3 g4 13. Ng5 Qd7 14. Qc2 Nh5 15. Bh4 Nf4 16. Nxe6 Qxe6+ 17. Kf1 Nxd3 18. Qxd3 Bf6 19. Bxf6 Qxf6 20. Nd2 e6 21. Re1 Qh6 22. Ke2 Kd7 23. Nf1 Rg8 24. g3 a6 25. Qe3 Qg6 26. Qd3 Qh6 27. Qe3 Qg7 28. Qf4 Na5 29. Ne3 b5 30. b4 Nc4 31. Nxc4 bxc4 32. a4 Qg6 33. Qd2 Qe4+ 34. Kd1 Qb1+ 35. Qc1 Qd3+ 36. Qd2 Qb1+ 1/2-1/2